01040naa#a2200193#i#4500001001600000005001700016011001400033100004100047102000700088200023800095210005800333215001000391608004500401675023300446700005400679700005200733700005000785856001100835RU\\bibl\12662720260703165941.5##a2587-6740##a20260615b2026####ek#y0rusy0150####ca##aRU1#aСовершенствование инструментов оценки вклада биоэкономики в социально-экономическое развитие регионов РФeЖурнальная статья1#aМоскваcЭлектронная наукаd2026##a3 с.##aЖурнальная статья2local##aВнешнеторговая политика. Инструменты внешнеторговой политики например,. 339.54aЭкономические сравнения, сопоставления. 338.001.36#1aАнопченкоgТатьяна Юрьевна#1aРевуновgСергей Вадимович#1aРевуновgРоман Вадимович4#aqje.su